Banana Producing Countries Quiz Stats

 Plays Quiz Updated Jan 31, 2019

     
Support Sporcle.
Go Orange.
Score 0/20 Timer 04:00
1 Play Today
Million Metric Tons Nation % Correct
6.96Brazil
92.9%
2.10Mexico
84.4%
21.77India
78.9%
9.85China
78.8%
2.03Colombia
72.4%
5.76Indonesia
69.2%
1.59Thailand
62.4%
1.48Vietnam
61.3%
1.80Costa Rica
59.3%
0.75Honduras
57.4%
Million Metric Tons Nation % Correct
7.93Ecuador
57.1%
2.64Guatemala
55.9%
9.10Philippines
51.5%
0.79Kenya
44.8%
0.82Bangladesh
42.6%
2.92Tanzania
33.6%
1.02Egypt
33.1%
1.05Papua New Guinea
25.8%
0.95Cameroon
24.7%
1.91Burundi
8.9%

From the Vault

Finish the TV Show Titles (2010s)

by LTH

Help bring these TV shows to a close.
Remove Ads.
Support Sporcle.
Get the best of Sporcle when you Go Orange. This ad-free experience offers more features, more stats, and more fun while also helping to support Sporcle. Thank you for becoming a member.

Show Comments

Extras

Top Quizzes Today


Score Distribution

Your Account Isn't Verified!

In order to create a playlist on Sporcle, you need to verify the email address you used during registration. Go to your Sporcle Settings to finish the process.

Report this User

Report this user for behavior that violates our Community Guidelines.

Details: